<?xml version="1.0" encoding="UTF-8"?>
<marc:record xmlns:marc="http://www.loc.gov/MARC21/slim">
   <marc:leader>00000nam a2200000 a 4500</marc:leader>
   <marc:datafield ind1="1" ind2=" " tag="100">
      <marc:subfield code="a">Gutiérrez, Gustavo</marc:subfield>
      <marc:subfield code="4">aut</marc:subfield>
      <marc:subfield code="e">Verfasser/-in</marc:subfield>
   </marc:datafield>
   <marc:datafield ind1=" " ind2=" " tag="653">
      <marc:subfield code="a">Freiheit</marc:subfield>
   </marc:datafield>
   <marc:datafield ind1=" " ind2=" " tag="653">
      <marc:subfield code="a">Katholische Theologie</marc:subfield>
   </marc:datafield>
   <marc:datafield ind1=" " ind2=" " tag="653">
      <marc:subfield code="a">Theologie der Befreiung</marc:subfield>
   </marc:datafield>
   <marc:datafield ind1=" " ind2=" " tag="653">
      <marc:subfield code="a">Südamerika</marc:subfield>
   </marc:datafield>
   <marc:datafield ind1="0" ind2="0" tag="245">
      <marc:subfield code="a">Theologie der Befreiung</marc:subfield>
   </marc:datafield>
   <marc:datafield ind1=" " ind2="1" tag="264">
      <marc:subfield code="b">Kaiser [u.a.]</marc:subfield>
      <marc:subfield code="c">1973</marc:subfield>
   </marc:datafield>
   <marc:datafield ind1="1" ind2=" " tag="490">
      <marc:subfield code="a">Gesellschaft und Theologie : Abt. systemat. Beitr</marc:subfield>
   </marc:datafield>
   <marc:datafield ind1="1" ind2=" " tag="520">
      <marc:subfield code="a">Dieses Buch markiert das Ende der Vorherrschaft einer europäischen Theologie und den Beginn einer radikal anderen Theologie aus den Unruhen der Dritten Welt. Radikal anders, weil sie nicht in Lesesälen und dan Schreibtischen entwickelt wurde, sondern ihre entscheidenden Impulse in den Slums und überfüllten Städten Südamerikas erhielt - einem Kontinent, der durch politische Unterdrückung, Abhängigkeit von fremden Mächten und brutalisierende Armut erschüttert ist, einem Kontinent, der soeben begonnen hat, in der verzweifelten Hoffnung zu leben, daß die Strukturen, welche Gewalt institutionalisieren, abgebaut werden können und müssen. In dieser Situation die Frohe Botschaft verkündigen, thologisch über eine Welt reflektieren, in der Folter, Unterernähung und Analphabetentum alltägliche Wirklichkeiten sind, heißt eine Theologie hervorbringen, welche die Bedeutung Christi und seiner Sendung in der totalen Befreiung des Menschen sieht. (Klappentext)</marc:subfield>
   </marc:datafield>
   <marc:datafield ind1="3" ind2=" " tag="024">
      <marc:subfield code="a">9783459008780</marc:subfield>
   </marc:datafield>
</marc:record>
